000 00694nam a2200241Ia 4500
003 OSt
005 20220925220919.0
006 a|||||r|||| 00| 0
007 ta
008 220923b |||||||| |||| 00| 0 eng d
020 _a033345250x
037 _cGeneral Book
040 _aRTL
_cRTL
_beng
041 _2eng
_aeng
082 _aU47, N4/TD
100 _aGregory Derek
_9245091
245 0 _aHuman geography
_b Society, space and social science
260 _aLondon
_bMacmillan Press
_c1994
300 _ax, 294p Bibliography chapterwise
_ccm.
650 _aHuman Geography
_91464
942 _hU47, N4/TD
_cGB
_2CC
999 _c572817
_d572817